Word Ladder: Classic 19th Century Novel Quiz Stats

 Plays Quiz Updated Nov 5, 2015

Challenge
Share
Tweet
Embed
Score 0/24 Timer 02:00
0 Plays Today
Clue 4-Letter Word % Correct
Barbie or Raggedy Ann, e.g.DOLL
95.4%
Brand name on many computersDELL
93.3%
To seize suddenlyGRAB
90.9%
'Three Blind ____'MICE
90.6%
Middle EasternerARAB
89.9%
Metric unit of massGRAM
89.5%
Passenger vehicle on railsTRAM
89.1%
Long hair on a horse's neckMANE
89%
Common nickname for Richard🐋 DICK 🐋
88.7%
Gambling cubesDICE
88%
Flash of lightningBOLT
87.9%
Bovine utterancesMOOS
87%
Clue 4-Letter Word % Correct
Stupid personDOLT
86.7%
No longer worth discussingMOOT
84.7%
UK car luggage compartmentBOOT
84%
Medieval clubMACE
82.2%
Disorderly crowds of peopleMOBS
82.1%
Obsessed whale hunter⚓️ AHAB ⚓️
81.7%
Ducky shade of blueTEAL
79.5%
Group with a common causeTEAM
78.1%
A problem for a poker playerTELL
76.4%
Creator of the albums 'Play' and '18'🐋 MOBY 🐋
73.1%
A bunch ofMANY
67.1%
When doubled: hit for Tommy James or Billy IdolMONY
60.6%

Today's Daily Dose

You're not logged in!

Compare scores with friends on all Sporcle quizzes.
Join for Free
OR
Log In

You Might Also Like...

Show Comments

Extras

Top Quizzes Today


Score Distribution

Your Account Isn't Verified!

In order to create a playlist on Sporcle, you need to verify the email address you used during registration. Go to your Sporcle Settings to finish the process.

Report this User

Report this user for behavior that violates our Community Guidelines.

Details: